| 000 | 00611nam a2200181Ia 4500 | ||
|---|---|---|---|
| 005 | 20240530102934.0 | ||
| 008 | 140319s1989 xx 000 0 ara d | ||
| 040 |
_aGCL / _cGCL |
||
| 082 | 0 | 4 |
_a811.094 / _bع ا |
| 100 | 0 | _aعبدالنبى التلاوى | |
| 245 | 1 | 0 |
_aالى اخر الليل تبكى القصيدة / _cعبدالنبى التلاوى |
| 250 | _aالاولى | ||
| 260 |
_aلندن : _bرياض الريس للكتب والنشر، _c1989 |
||
| 300 |
_a71 ص؛ _c20سم |
||
| 650 | _2الشعر العربى | ||
| 942 |
_2ddc _cBK |
||
| 999 |
_c35508 _d35508 |
||